书目信息 |
| 题名: |
我国文化产业集聚的动力机制和经济效应研究
|
|
| 作者: | 赵星, 著 | |
| 分册: | ||
| 出版信息: | 北京 中国社会科学出版社 2016.11 |
|
| 页数: | 160页 | |
| 开本: | 24cm | |
| 丛书名: | ||
| 单 册: | ||
| 中图分类: | G124 | |
| 科图分类: | ||
| 主题词: | 文化产业--wen hua chan ye--研究--中国 | |
| 电子资源: | ||
| ISBN: | 978-7-5161-9466-9 | |
| 000 | 01192nam0 2200253 450 | |
| 001 | 202021192949 | |
| 005 | 20211025120124.0 | |
| 010 | @a978-7-5161-9466-9@dCNY49.00 | |
| 100 | @a20210927d2016 kemy0chiy50 ea | |
| 101 | 0 | @achi@deng |
| 102 | @aCN@b110000 | |
| 105 | @aak z 000yy | |
| 106 | @ar | |
| 200 | 1 | @a我国文化产业集聚的动力机制和经济效应研究@Awo guo wen hua chan ye ji ju de dong li ji zhi he jing ji xiao ying yan jiu@d= A study on the dynamic mechanism and economic effect of cultural industry agglomeration in China@f赵星著@zeng |
| 210 | @a北京@c中国社会科学出版社@d2016.11 | |
| 215 | @a160页@c图@d24cm | |
| 314 | @a赵星, 南京晓庄学院商学院教师。 | |
| 330 | @a本书共八章, 内容包括: 相关理论基础、我国文化产业集聚的空间统计分析、我国文化产业集聚动力机制的理论分析、我国文化产业集聚影响因素的实证分析、我国文化产业集聚的经济效应分析、优化我国文化产业集聚化发展的对策等。 | |
| 510 | 1 | @aStudy on the dynamic mechanism and economic effect of cultural industry agglomeration in China@zeng |
| 606 | 0 | @a文化产业@Awen hua chan ye@x研究@y中国 |
| 690 | @aG124@v5 | |
| 701 | 0 | @a赵星,@Azhao xing@f1982-@4著 |
| 801 | 0 | @aCN@c20210909 |
| 905 | @a河南城建学院图书馆@dG124@eZ332 | |
| 我国文化产业集聚的动力机制和经济效应研究= A study on the dynamic mechanism and economic effect of cultural industry agglomeration in China/赵星著.-北京:中国社会科学出版社,2016.11 |
| 160页:图;24cm |
| ISBN 978-7-5161-9466-9:CNY49.00 |
| 本书共八章, 内容包括: 相关理论基础、我国文化产业集聚的空间统计分析、我国文化产业集聚动力机制的理论分析、我国文化产业集聚影响因素的实证分析、我国文化产业集聚的经济效应分析、优化我国文化产业集聚化发展的对策等。 |
| ● |
| 相关链接 |
|
|
|
正题名:我国文化产业集聚的动力机制和经济效应研究
索取号:G124/Z332
 
预约/预借
| 序号 | 登录号 | 条形码 | 馆藏地/架位号 | 状态 | 备注 |
| 1 | 1539991 | 215399913 | 社科库409/409社科库 100排6列2层/ [索取号:G124/Z332] | 在馆 | |
| 2 | 1539992 | 215399922 | 社科库409/409社科库 56排4列2层/ [索取号:G124/Z332] | 在馆 |